I. Introduction générale (notice n° 1772939)
[ vue normale ]
| 000 -LEADER | |
|---|---|
| fixed length control field | 00504cam a2200157 4500500 |
| 005 - DATE AND TIME OF LATEST TRANSACTION | |
| control field | 20260322012447.0 |
| 041 ## - LANGUAGE CODE | |
| Language code of text/sound track or separate title | fre |
| 042 ## - AUTHENTICATION CODE | |
| Authentication code | dc |
| 100 10 - MAIN ENTRY--PERSONAL NAME | |
| Personal name | Verpeaux, Michel |
| Relator term | author |
| 245 00 - TITLE STATEMENT | |
| Title | I. Introduction générale |
| 260 ## - PUBLICATION, DISTRIBUTION, ETC. | |
| Date of publication, distribution, etc. | 2019.<br/> |
| 500 ## - GENERAL NOTE | |
| General note | 25 |
| 700 10 - ADDED ENTRY--PERSONAL NAME | |
| Personal name | Rimbault, Christine |
| Relator term | author |
| 786 0# - DATA SOURCE ENTRY | |
| Note | DGCT | - | 2019-10-30 | p. 281-284 |
| 856 41 - ELECTRONIC LOCATION AND ACCESS | |
| Uniform Resource Identifier | <a href="https://droit.cairn.info/droit-et-gestion-des-collectivites-territoriales-2019--9782281133844-page-281?lang=fr&redirect-ssocas=7080">https://droit.cairn.info/droit-et-gestion-des-collectivites-territoriales-2019--9782281133844-page-281?lang=fr&redirect-ssocas=7080</a> |
Pas d'exemplaire disponible.




Réseaux sociaux